Les Grands événements du Moyen-Âge (Partie 2) - Statistiques

Statistiques générales
  • Ce quiz a été pris 47 fois
  • Le résultat moyen est 5 sur 15
Statistiques - réponses
Hint Réponse % Correct
1095 Le Pape Urbain II appelle à la Croisade.
60%
Juillet 1214 Victoire triomphale de Bouvines contre la Coalition Anglo-germano-flamande
50%
24 Octobre 996 Robert le Pieux succède à Hugues Capet.
47%
25 Décembre 1099 Victoire des Croisés à Jérusalem. Création des États latins d'Orient.
47%
1215 La Charte "Magna Carta" est imposée à Jean Sans Terre.
40%
1204 Philippe Auguste prend Château-Gaillard à Jean Sans Terre,nouveau Roi d'Angleterre et frère de Richard.
Mort d'Aliénor d'Aquitaine à 82 ans.
37%
1199 Richard Cœur de Lion est mortellement touché par un tire d'arbalète au Siège de Châlus.
33%
1170 Assassinat de Thomas Beckett sur ordre d'Henry II Plantagenêt,Roi d'Angleterre.
27%
1194 Bataille de Fréteval
27%
21 Août 1165 Naissance "miraculeuse" de Philippe Auguste.
23%
1146 Bernard de Clairvaux prêche la Deuxième Croisade à Vézelay.
20%
1108 Louis VI accède au Trône de France.
20%
1191 Philippe Auguste et Richard Cœur de Lion prennent Saint-Jean d'Acre lors de la 3ème Croisade.
20%
Mars 1152 Louis VII répudie Aliénor d'Aquitaine.
17%
1122 Naissance d'Aliénor d'Aquitaine.
17%
Aucun quiz correspondant
Distribution des résultats
% des personnes avec chaque résultat
Percentile par nombre de réponses
Votre historique - résultats
Vous n’avez pas pris ce quiz